Top Countries by Life Expectancy in 2100 - Statistics

General Stats
  • This quiz has been taken 40 times
  • The average score is 21 of 25
Answer Stats
Projected Life Expectancy (2100) Country % Correct
94.4 Years Japan
100%
93.14 Years South Korea
97%
91.75 Years Canada
95%
92.1 Years Norway
95%
92.87 Years Spain
95%
92.18 Years Sweden
95%
92.62 Yeats Australia
92%
91.53 Years Austria
92%
92.76 Years Italy
92%
92.88 Years Liechtenstein
92%
94.67 Years Monaco
92%
91.87 Years Portugal
92%
92.79 Years Switzerland
92%
93.98 Years San Marino
89%
93.01 Years Andorra
87%
92.01 Years Iceland
87%
91.75 Years Ireland
87%
91.53 Years Netherlands
87%
92.14 Years France
82%
92.7 Years Singapore
82%
91.55 Years Israel
71%
92.32 Years Malta
68%
91.56 Years United Arab Emirates
68%
92.01 Years Vatican City
58%
91.61 Years Maldives
18%
No matching quizzes found
Score Distribution
Percent of People with Each Score
Percentile by Number Answered
Your Score History
You have not taken this quiz